000 01025nac a22003011i 4500
003 EG-ScBUE
005 20250813084737.0
008 250722t2000 at a f bd 001 0 eng d
020 _a0030202930
020 _a9780030202933
040 _aEG-ScBUE
_beng
_erda
_cEG-ScBUE
_dEG-ScBUE
082 0 4 _a543
_bANA
_222
245 0 0 _aAnalytical chemistry :
_ban introduction /
_cDouglas A. Skoog, Stanford University, [and three others]
250 _aSeventh edition.
264 1 _aAustralia :
_bThomson Learning, Inc.,
_c[2000]
264 4 _cc2000
300 _a1 volume (various pagings) :
_billustrations (some color) ;
_c27 cm
336 _2rdacontent
_atext
_btxt
337 _aunmediated
_2rdamedia
_bn
338 _avolume
_bnc
_2rdacarrier
500 _aIncludes glossary.
500 _aIncludes Appendices.
504 _aIncludes bibliographical references and index.
650 7 _aChemistry, Analytic
_xQuantitative.
_2BUEsh
655 _vReading book
700 1 _aSkoog, Douglas A.,
_eauthor.
942 _cBB
_2ddc
999 _c2303
_d2303